[Event "NAYCC U14 w"]
[Site "Kingston CAN"]
[Date "2019.08.18"]
[Round "5.147"]
[White "Sandoval Rivera, Alejandra"]
[Black "Parikh, Ananya"]
[Result "0-1"]
[WhiteElo "1530"]
[BlackElo "1625"]
[PlyCount "156"]
[EventDate "2019.08.16"]
[EventType "swiss"]
[EventRounds "9"]
[EventCountry "CAN"]

1. d4 d5 2. Bf4 Nf6 3. e3 e6 4. Nd2 c5 5. c3 Bd6 6. Bg3 Qc7 7. Be2 Nbd7 8. Ngf3
h6 9. Qc2 Bxg3 10. hxg3 a6 11. a4 e5 12. dxe5 Nxe5 13. Nxe5 Qxe5 14. Nf3 Qc7
15. O-O O-O 16. Rfd1 Be6 17. c4 Rfd8 18. cxd5 Nxd5 19. Rac1 Rac8 20. e4 Nb4 21.
Rxd8+ Qxd8 22. Qd2 Qb6 23. Ne5 Rd8 24. Qe3 Rc8 25. Bc4 Bxc4 26. Nxc4 Qc6 27. b3
b6 28. Rd1 Nc2 29. Qd3 Nd4 30. Rb1 Rd8 31. Kf1 Ne6 32. Qe2 Rd4 33. f3 Qc7 34.
Kf2 Qd8 35. Ke1 b5 36. axb5 axb5 37. Ne3 Qa5+ 38. Kf1 Rd2 39. Qe1 Qa2 40. Ra1
Qb2 41. Rb1 Qc3 42. Kg1 Qd4 43. Kh1 Rd3 44. Nf5 Qd8 45. Qc1 Kh7 46. g4 Ng5 47.
Kh2 Qc7+ 48. Kh1 g6 49. Ne3 Qd6 50. Nd5 b4 51. Qc2 Rd4 52. Rd1 Rxd1+ 53. Qxd1
Qe6 54. Qc1 Qd6 55. Qc4 Ne6 56. Nf6+ Kh8 57. Qc1 g5 58. Ne8 Qe5 59. Qd1 Nd4 60.
Qc1 Nxb3 61. Qc4 Qxe8 62. Qxb3 Kg7 63. Qd5 Qe7 64. e5 Kg6 65. Qe4+ Kg7 66. f4
gxf4 67. Qxf4 Qg5 68. Qe4 Qc1+ 69. Kh2 b3 70. e6 fxe6 71. Qxe6 Qf4+ 72. g3 Qf2+
73. Kh3 Qf1+ 74. Kh2 Qf2+ 75. Kh3 Qf1+ 76. Kh2 b2 77. Qe5+ Qf6 78. Qxb2 Qxb2+
0-1

[Event "NAYCC U14 w"]
[Site "Kingston CAN"]
[Date "2019.08.18"]
[Round "5.148"]
[White "Bilodeau-Savaria, Sandy-Rose"]
[Black "He, Jiaqi"]
[Result "1-0"]
[WhiteElo "1436"]
[BlackElo "1483"]
[PlyCount "115"]
[EventDate "2019.08.16"]
[EventType "swiss"]
[EventRounds "9"]
[EventCountry "CAN"]

1. d4 Nf6 2. c4 g6 3. Nc3 Bg7 4. e4 d6 5. Nf3 O-O 6. Be2 c5 7. d5 Re8 8. O-O e6
9. Qc2 exd5 10. cxd5 a6 11. a4 Nbd7 12. h3 Rb8 13. Re1 Ne5 14. Nxe5 Rxe5 15.
Bf4 Re8 16. Bg3 Bf8 17. f4 Ra8 18. Bf3 Nd7 19. Re2 Bg7 20. Rae1 Qc7 21. Na2 Ra7
22. Nc3 b6 23. Bg4 Nf6 24. Bxc8 Qxc8 25. e5 Nh5 26. Bh2 dxe5 27. fxe5 Bh8 28.
d6 Qe6 29. Qe4 Kf8 30. Nd5 Rb8 31. Nc7 Qd7 32. e6 fxe6 33. Nxe6+ Kg8 34. Qc4
Qf7 35. b3 Bd4+ 36. Nxd4 Qxc4 37. bxc4 cxd4 38. Rd2 Rd7 39. Rxd4 Kf7 40. Re7+
Rxe7 41. dxe7 Re8 42. Rd6 Rxe7 43. Rxb6 Ra7 44. c5 Ra8 45. c6 Nf6 46. Rb7+ Ke6
47. c7 Nd7 48. Rb8 Rxb8 49. cxb8=Q Nxb8 50. Bxb8 h5 51. Kf2 g5 52. Kg3 Kf6 53.
h4 Kf5 54. hxg5 Kxg5 55. Bf4+ Kf5 56. Bd2 Kf6 57. Kh4 Kg6 58. Bc1 1-0

[Event "NAYCC U14 w"]
[Site "Kingston CAN"]
[Date "2019.08.18"]
[Round "5.149"]
[White "Myrzaibraimova, Aibike"]
[Black "Liao, Yilin"]
[Result "1-0"]
[WhiteElo "1537"]
[BlackElo "1485"]
[PlyCount "153"]
[EventDate "2019.08.16"]
[EventType "swiss"]
[EventRounds "9"]
[EventCountry "CAN"]

1. e4 d5 2. exd5 Qxd5 3. Nc3 Qa5 4. d4 Nf6 5. Nf3 Bf5 6. Bc4 e6 7. a3 c6 8. O-O
Bd6 9. Re1 O-O 10. Ne5 Qc7 11. Bf4 Nbd7 12. h3 Rad8 13. Bd3 Bxd3 14. Qxd3 Bxe5
15. dxe5 Nd5 16. Bg5 Rc8 17. Qg3 Kh8 18. Re4 h6 19. Rh4 Qxe5 20. f4 Qe3+ 21.
Qxe3 Nxe3 22. Rc1 Nf5 23. Rh5 Ng3 24. Rh4 Nb6 25. Be7 Rfe8 26. Bc5 Nd5 27. Kh2
Nxc3 28. bxc3 Ne2 29. Rb1 b6 30. Bd4 Rcd8 31. Rxh6+ Kg8 32. Rh4 Nxd4 33. cxd4
Rxd4 34. Rb3 Kf8 35. Re3 e5 36. Rh8+ Ke7 37. Rxe5+ Kf6 38. Rhxe8 Rxf4 39. Re3
Rc4 40. Rf3+ Kg6 41. Re2 f6 42. g4 b5 43. Rb3 Kf7 44. Kg3 a5 45. Kf2 a4 46. Rf3
Kg6 47. Ke1 b4 48. axb4 Rxb4 49. Ra3 c5 50. c3 Rc4 51. Rea2 Kg5 52. Kd2 Kh4 53.
Rxa4 Rxa4 54. Rxa4 Kxh3 55. Re4 Kh4 56. Kd3 Kg5 57. Kc4 f5 58. gxf5 Kxf5 59.
Re8 g5 60. Kxc5 g4 61. Kd6 g3 62. Rg8 Kf4 63. c4 Kf3 64. c5 g2 65. c6 Kf2 66.
c7 g1=Q 67. Rxg1 Kxg1 68. c8=Q Kf2 69. Qc6 Ke2 70. Ke5 Kf2 71. Qc3 Ke2 72. Ke4
Kf2 73. Qd3 Kg2 74. Kf4 Kf2 75. Qd2+ Kg1 76. Kg3 Kf1 77. Qf2# 1-0

[Event "NAYCC U14 w"]
[Site "Kingston CAN"]
[Date "2019.08.18"]
[Round "5.150"]
[White "Changkachith, Alyssa"]
[Black "Shen, Isamel"]
[Result "1/2-1/2"]
[WhiteElo "1518"]
[BlackElo "1542"]
[PlyCount "86"]
[EventDate "2019.08.16"]
[EventType "swiss"]
[EventRounds "9"]
[EventCountry "CAN"]

1. Nf3 d5 2. g3 Nf6 3. Bg2 Bf5 4. O-O e6 5. d3 Be7 6. Nbd2 O-O 7. c4 c6 8. b3
Nbd7 9. Bb2 Re8 10. Rc1 Bc5 11. a3 a5 12. h3 Rc8 13. Re1 e5 14. cxd5 cxd5 15.
d4 Bd6 16. dxe5 Nxe5 17. Nxe5 Bxe5 18. Bxe5 Rxe5 19. Nf3 Re8 20. Nd4 Bg6 21.
Rxc8 Qxc8 22. Qd2 Qd8 23. Rc1 Ne4 24. Bxe4 Bxe4 25. b4 axb4 26. Qxb4 Qd7 27.
Qb5 Qxb5 28. Nxb5 h6 29. Rc7 b6 30. Nd6 Ra8 31. Nxe4 dxe4 32. Rb7 Ra6 33. g4
Rxa3 34. Rxb6 Rxh3 35. Rb4 e3 36. f3 h5 37. gxh5 Rxh5 38. Re4 f5 39. Rxe3 f4
40. Re4 g5 41. Kf2 Kf7 42. e3 fxe3+ 43. Kxe3 Kf6 1/2-1/2

[Event "NAYCC U14 w"]
[Site "Kingston CAN"]
[Date "2019.08.18"]
[Round "5.151"]
[White "Irfan, Zakia"]
[Black "D'Souza, Carina"]
[Result "1-0"]
[WhiteElo "974"]
[BlackElo "1273"]
[PlyCount "125"]
[EventDate "2019.08.16"]
[EventType "swiss"]
[EventRounds "9"]
[EventCountry "CAN"]

1. d4 Nf6 2. Bf4 d5 3. e3 c5 4. c3 cxd4 5. cxd4 Qb6 6. Qc2 Nc6 7. Nc3 Bf5 8.
Qd2 e6 9. a3 Na5 10. Na4 Qd8 11. Qc3 Rc8 12. Bb5+ Nd7 13. Nc5 Bxc5 14. dxc5 a6
15. Bxd7+ Kxd7 16. b4 Nc4 17. Qxg7 Bg6 18. Nf3 Qe8 19. Ne5+ Nxe5 20. Qxe5 Kc6
21. O-O Rg8 22. a4 Qe7 23. Rfc1 f6 24. Qb2 Kd7 25. Bd6 Qd8 26. b5 a5 27. b6 Bd3
28. Qc3 Ba6 29. Qxa5 Kc6 30. Qb4 Qe8 31. a5 Qg6 32. g3 Qh5 33. Rab1 Rg4 34. Qc3
Qf5 35. Rb4 Rc4 36. Qa3 Rxc1+ 37. Qxc1 Qd3 38. Rd4 Qb5 39. Qa1 Rd8 40. Qa4 Rd7
41. Qxb5+ Kxb5 42. Kg2 Kc6 43. f4 f5 44. Kf3 h5 45. h3 Rg7 46. Rd1 Bc4 47. Rg1
Bd3 48. g4 Be4+ 49. Kg3 fxg4 50. hxg4 Rxg4+ 51. Kh2 Rxg1 52. Kxg1 Bf5 53. Be7
Kd7 54. a6 Kc6 55. a7 h4 56. a8=Q h3 57. Qc8+ Kb5 58. Qxb7 Be4 59. Qd7+ Ka6 60.
b7 Ka7 61. c6 Kb8 62. Bd6+ Ka7 63. b8=Q+ 1-0

[Event "NAYCC U14 w"]
[Site "Kingston CAN"]
[Date "2019.08.18"]
[Round "5.152"]
[White "Irfan, Sabia"]
[Black "Xie, Joanna"]
[Result "0-1"]
[WhiteElo "874"]
[BlackElo "1487"]
[PlyCount "112"]
[EventDate "2019.08.16"]
[EventType "swiss"]
[EventRounds "9"]
[EventCountry "CAN"]

1. d4 d5 2. Bf4 Nf6 3. Nf3 e6 4. e3 c5 5. Nc3 a6 6. Be2 Be7 7. O-O Nc6 8. Ne5
Nxe5 9. Bxe5 Bd6 10. f4 O-O 11. Bd3 Be7 12. Bxf6 Bxf6 13. Qh5 g6 14. Qe2 cxd4
15. Nd1 dxe3 16. Nxe3 Bxb2 17. Rab1 Bd4 18. Rf3 Re8 19. Kf1 e5 20. c4 e4 21.
Rg3 exd3 22. Qxd3 dxc4 23. Qa3 Rxe3 24. Rxe3 Bxe3 25. Qxe3 Qd3+ 26. Qxd3 cxd3
27. Rd1 Bf5 28. Kf2 Re8 29. h3 h5 30. g4 hxg4 31. hxg4 Re2+ 32. Kg3 Be4 33. a3
Ra2 34. f5 gxf5 35. gxf5 Bxf5 36. Kf4 Bg6 37. Kg5 Rxa3 38. Kh6 b5 39. Rc1 Kf8
40. Rc8+ Ke7 41. Rc7+ Kd6 42. Rc1 d2 43. Rd1 Rd3 44. Kg5 Be4 45. Kf4 Bf3 46.
Rf1 d1=Q 47. Rxd1 Bxd1 48. Ke4 Bc2 49. Kf4 b4 50. Ke4 b3 51. Kf4 b2 52. Ke4
b1=Q 53. Kf4 Qf1+ 54. Kg4 Rf3 55. Kg5 Rg3+ 56. Kh6 Qh3# 0-1

[Event "NAYCC U14 w"]
[Site "Kingston CAN"]
[Date "2019.08.18"]
[Round "5.153"]
[White "Wang, Sophia"]
[Black "Lucero, Amalie"]
[Result "1-0"]
[WhiteElo "1151"]
[BlackElo "1051"]
[PlyCount "125"]
[EventDate "2019.08.16"]
[EventType "swiss"]
[EventRounds "9"]
[EventCountry "CAN"]

1. e4 e5 2. Nf3 Nc6 3. Bc4 Nf6 4. d3 Bc5 5. Nc3 Na5 6. h3 Nxc4 7. dxc4 d6 8.
O-O Be6 9. Nd5 c6 10. Nxf6+ Qxf6 11. Bg5 Qg6 12. Kh2 f6 13. Be3 Bxe3 14. fxe3
Bxc4 15. Rg1 Qxe4 16. b3 Bf7 17. Nd2 Qxe3 18. Nc4 Qf4+ 19. g3 Qd4 20. Nxd6+ Ke7
21. Nf5+ Ke8 22. Nxd4 exd4 23. Re1+ Kf8 24. Qxd4 Bd5 25. Qc5+ Kf7 26. Qe7+ Kg6
27. Qxb7 Rhe8 28. Rxe8 Rxe8 29. g4 Re2+ 30. Kg3 Re3+ 31. Kf2 Rxh3 32. c4 Rf3+
33. Ke2 Be4 34. Rf1 Rg3 35. Rf4 Bg2 36. Kf2 c5 37. Qxg2 Rxg2+ 38. Kxg2 Kg5 39.
Kg3 h5 40. Rf5+ Kg6 41. Rxh5 a5 42. Rxc5 f5 43. gxf5+ Kf6 44. Rxa5 g5 45. fxg6
Kxg6 46. c5 Kf7 47. c6 Ke6 48. Rd5 Kxd5 49. c7 Kd4 50. c8=R Kd5 51. b4 Kd6 52.
b5 Kd7 53. Rc1 Kd6 54. b6 Kd7 55. b7 Kd6 56. b8=Q+ Kd5 57. Qd8+ Ke4 58. Rf1 Ke5
59. Qe8+ Kd4 60. Rd1+ Kc5 61. Qc8+ Kb4 62. Rb1+ Ka5 63. Qa8# 1-0

[Event "NAYCC U14 w"]
[Site "Kingston CAN"]
[Date "2019.08.18"]
[Round "6.143"]
[White "Ke, Rianne"]
[Black "Wisniowski, Natalie"]
[Result "1-0"]
[WhiteElo "2062"]
[BlackElo "1901"]
[PlyCount "141"]
[EventDate "2019.08.16"]
[EventType "swiss"]
[EventRounds "9"]
[EventCountry "CAN"]

1. e4 e5 2. Nf3 Nf6 3. Nxe5 d6 4. Nf3 Nxe4 5. d3 Nf6 6. Bg5 d5 7. d4 Bg4 8.
Qe2+ Qe7 9. Bxf6 gxf6 10. Qxe7+ Bxe7 11. Nbd2 Nd7 12. Bd3 Bh5 13. Nh4 Nf8 14.
Nf5 Ne6 15. g3 Bf8 16. f4 Bg6 17. c3 O-O-O 18. Nf3 c6 19. Kf2 Ng7 20. N3h4 Nxf5
21. Bxf5+ Kc7 22. Rad1 Re8 23. Rhe1 Bd6 24. Rxe8 Rxe8 25. Re1 Rxe1 26. Kxe1 b6
27. Ke2 c5 28. h3 b5 29. Ke3 b4 30. cxb4 cxb4 31. Bd3 Bxd3 32. Kxd3 a5 33. Nf5
Bf8 34. b3 Kd7 35. Ke3 Ke6 36. g4 Kd7 37. Kf3 Ke6 38. Kg3 Bd6 39. Nxd6 Kxd6 40.
Kh4 Ke7 41. Kh5 Kf8 42. Kh6 Kg8 43. f5 Kh8 44. h4 Kg8 45. g5 fxg5 46. Kxg5 h5
47. Kf6 Kf8 48. Ke5 Ke7 49. f6+ Kd7 50. Kxd5 Kc7 51. Kc5 Kd7 52. Kd5 Kc7 53.
Ke5 Kc6 54. Kf5 Kd5 55. Kg5 Kxd4 56. Kxh5 Kc3 57. Kg4 Kb2 58. h5 Kxa2 59. h6
Kxb3 60. h7 a4 61. h8=Q a3 62. Qh3+ Kb2 63. Qg2+ Ka1 64. Qf1+ Kb2 65. Qe2+ Ka1
66. Qe5+ Ka2 67. Qd5+ b3 68. Qxf7 Ka1 69. Qxb3 a2 70. Qxa2+ Kxa2 71. f7 1-0

[Event "NAYCC U14 w"]
[Site "Kingston CAN"]
[Date "2019.08.18"]
[Round "6.144"]
[White "Qiao, Joey"]
[Black "Cao, Joy"]
[Result "0-1"]
[WhiteElo "1681"]
[BlackElo "1905"]
[PlyCount "84"]
[EventDate "2019.08.16"]
[EventType "swiss"]
[EventRounds "9"]
[EventCountry "CAN"]

1. e4 c5 2. Nf3 d6 3. Bb5+ Nd7 4. O-O Ngf6 5. Re1 g6 6. c3 a6 7. Bf1 Bg7 8. d4
cxd4 9. cxd4 O-O 10. Nc3 b5 11. a3 Bb7 12. Bd3 Rc8 13. h3 Nb6 14. Be3 Nc4 15.
Bxc4 Rxc4 16. Nd2 Rc8 17. f3 Nd7 18. Rc1 Nb6 19. Ne2 Qd7 20. Qb3 d5 21. e5 Nc4
22. Nf1 a5 23. Rc2 a4 24. Qd3 f6 25. f4 fxe5 26. fxe5 Qe6 27. Rec1 Ba6 28. Qd1
Qf7 29. Neg3 Nxe3 30. Nxe3 Bh6 31. Ngf1 b4 32. Rxc8 Qf2+ 33. Kh1 Bxc8 34. Rc2
Qf7 35. Qe2 Qf4 36. Rd2 Qe4 37. Kg1 Ba6 38. Qxa6 Bxe3+ 39. Kh2 Bxd2 40. Qe6+
Kh8 41. Qxe7 Qf4+ 42. Ng3 Be1 0-1

[Event "NAYCC U14 w"]
[Site "Kingston CAN"]
[Date "2019.08.18"]
[Round "6.145"]
[White "Parikh, Ananya"]
[Black "Tsukerman, Julia"]
[Result "0-1"]
[WhiteElo "1625"]
[BlackElo "1830"]
[PlyCount "64"]
[EventDate "2019.08.16"]
[EventType "swiss"]
[EventRounds "9"]
[EventCountry "CAN"]

1. e4 c5 2. Nf3 d6 3. d4 cxd4 4. Nxd4 Nf6 5. Nc3 a6 6. Bc4 e6 7. Bb3 Be7 8. f4
Qc7 9. Be3 O-O 10. O-O Nbd7 11. Qf3 Nc5 12. f5 Nxb3 13. axb3 e5 14. Nde2 d5 15.
exd5 Rd8 16. Rad1 e4 17. Nxe4 Nxd5 18. c4 Nxe3 19. Rxd8+ Qxd8 20. Qxe3 Bf8 21.
f6 g6 22. N2c3 Be6 23. Kh1 Qd7 24. h3 Qc6 25. Rd1 Re8 26. Qg3 Qb6 27. Ng5 Qxb3
28. Nxe6 Rxe6 29. Qf2 Qxc4 30. Rd8 Qc7 31. Qd2 Rxf6 32. Rd7 Rf1# 0-1

[Event "NAYCC U14 w"]
[Site "Kingston CAN"]
[Date "2019.08.18"]
[Round "6.146"]
[White "Iver, Mantra"]
[Black "Bilodeau-Savaria, Sandy-Rose"]
[Result "1-0"]
[WhiteElo "1708"]
[BlackElo "1436"]
[PlyCount "99"]
[EventDate "2019.08.16"]
[EventType "swiss"]
[EventRounds "9"]
[EventCountry "CAN"]

1. e4 c5 2. Nf3 e6 3. d4 cxd4 4. Nxd4 Nc6 5. Nc3 Qc7 6. Be3 a6 7. Nxc6 bxc6 8.
Bd3 Nf6 9. O-O Be7 10. Qf3 O-O 11. Bg5 h6 12. Bh4 d5 13. Rfe1 Re8 14. Bxf6 Bxf6
15. exd5 Bxc3 16. bxc3 Bb7 17. dxe6 fxe6 18. Qe4 Kf8 19. Bc4 c5 20. Qg6 Bd5 21.
Bxd5 exd5 22. Rxe8+ Rxe8 23. Qxa6 Qe5 24. Qd3 d4 25. cxd4 cxd4 26. a4 Qc5 27.
a5 Rc8 28. a6 Rc7 29. Qa3 Qxa3 30. Rxa3 Ra7 31. Kf1 Ke7 32. Ke2 Kd6 33. Kd3 Kc5
34. Ra4 g5 35. Rc4+ Kb5 36. Kxd4 Rxa6 37. Rc5+ Kb4 38. c3+ Kb3 39. Rb5+ Ka4 40.
Rf5 Rc6 41. c4 Kb4 42. Rb5+ Ka4 43. Kd5 Rf6 44. f3 Ra6 45. Rb1 Ra5+ 46. Kc6
Ra6+ 47. Rb6 Ra7 48. c5 Rg7 49. Kd5 Ka5 50. Rxh6 1-0

[Event "NAYCC U14 w"]
[Site "Kingston CAN"]
[Date "2019.08.18"]
[Round "6.147"]
[White "Guo, Hazel"]
[Black "Myrzaibraimova, Aibike"]
[Result "1-0"]
[WhiteElo "1508"]
[BlackElo "1537"]
[PlyCount "119"]
[EventDate "2019.08.16"]
[EventType "swiss"]
[EventRounds "9"]
[EventCountry "CAN"]

1. e4 e6 2. d4 d5 3. Nc3 Nf6 4. Bg5 Be7 5. e5 Nfd7 6. Bxe7 Qxe7 7. f4 a6 8. Nf3
c5 9. Bd3 Nc6 10. O-O cxd4 11. Ne2 a5 12. Nexd4 Nxd4 13. Nxd4 Qb4 14. Nb5 O-O
15. Qg4 Nxe5 16. Qh3 Nxd3 17. Qxd3 Bd7 18. Nd4 Qc5 19. Kh1 Qe7 20. Qe3 Qf6 21.
c3 Rfe8 22. Rae1 a4 23. h3 h5 24. Qe2 g6 25. Qf2 Rec8 26. Nf3 Bb5 27. Rg1 Qxf4
28. Qb6 Ba6 29. Ne5 Qf6 30. Qb4 Qd8 31. Qxa4 Bd3 32. Qf4 Bf5 33. g4 hxg4 34.
hxg4 Be4+ 35. Rxe4 f6 36. Qh6 fxe5 37. Qxg6+ Kf8 38. Rf1+ Ke7 39. Qg7+ Kd6 40.
Qxe5+ Kc5 41. Qd4+ Kd6 42. Qe5+ Kc5 43. Re2 Qh8+ 44. Qxh8 Rxh8+ 45. Kg2 Rxa2
46. b4+ Kc4 47. Rxa2 Kxc3 48. Rc1+ Kxb4 49. Rb2+ Ka3 50. Rxb7 Ka2 51. Rc6 Ra8
52. Rxe6 Ka1 53. Rd6 Ra2+ 54. Kg1 Ra5 55. Rbb6 Rc5 56. Rdc6 Rc4 57. Rxc4 dxc4
58. Rc6 c3 59. Rxc3 Kb2 60. Rc8 1-0

[Event "NAYCC U14 w"]
[Site "Kingston CAN"]
[Date "2019.08.18"]
[Round "6.148"]
[White "Szeto, Sophie"]
[Black "Sandoval Rivera, Alejandra"]
[Result "0-1"]
[WhiteElo "1401"]
[BlackElo "1530"]
[PlyCount "110"]
[EventDate "2019.08.16"]
[EventType "swiss"]
[EventRounds "9"]
[EventCountry "CAN"]

1. e4 Nf6 2. Nc3 d5 3. e5 Nfd7 4. Nf3 e6 5. d4 c5 6. Ne2 Nc6 7. c3 Be7 8. Ng3
O-O 9. Be2 b6 10. O-O Bb7 11. Re1 Qc8 12. Bf4 Ba6 13. Bxa6 Qxa6 14. a3 Qb7 15.
b4 a6 16. Rb1 cxd4 17. cxd4 b5 18. Qd3 a5 19. bxa5 Rxa5 20. Rb3 Qa6 21. Reb1
Rb8 22. Bc1 b4 23. Qxa6 Rxa6 24. axb4 Rxb4 25. Rxb4 Bxb4 26. Bb2 Nb6 27. Ne2
Na4 28. h3 Nxb2 29. Rxb2 f6 30. exf6 gxf6 31. Rc2 e5 32. Kh2 exd4 33. Nexd4
Bd6+ 34. g3 Nxd4 35. Nxd4 Be5 36. Nc6 d4 37. Nxe5 fxe5 38. Rc8+ Kf7 39. Rd8 Ke6
40. Kg2 Rd6 41. Rxd6+ Kxd6 42. Kf3 Kd5 43. Ke2 e4 44. Kd2 h5 45. g4 hxg4 46.
hxg4 Ke5 47. Ke2 Kf4 48. Kf1 Kxg4 49. Ke2 Kf4 50. Kf1 Kf3 51. Ke1 d3 52. Kd1
Kxf2 53. Kd2 e3+ 54. Kxd3 e2 55. Kd2 e1=Q+ 0-1

[Event "NAYCC U14 w"]
[Site "Kingston CAN"]
[Date "2019.08.18"]
[Round "6.149"]
[White "He, Jiaqi"]
[Black "Liao, Yilin"]
[Result "1/2-1/2"]
[WhiteElo "1483"]
[BlackElo "1485"]
[PlyCount "58"]
[EventDate "2019.08.16"]
[EventType "swiss"]
[EventRounds "9"]
[EventCountry "CAN"]

1. e4 d5 2. exd5 Qxd5 3. Nc3 Qa5 4. d4 Nf6 5. Nf3 Bf5 6. Bc4 e6 7. O-O Bd6 8.
Re1 O-O 9. h3 c6 10. a3 Qc7 11. Bg5 Nbd7 12. Qd2 Nb6 13. Bf1 Nbd5 14. Nxd5 Nxd5
15. Nh4 Bg6 16. Nxg6 hxg6 17. c4 Bf4 18. Bxf4 Qxf4 19. Rad1 Qxd2 20. Rxd2 Nb6
21. g3 Rad8 22. Red1 Kh7 23. Bd3 Rh8 24. Kg2 Kg8 25. Be2 Kf8 26. Rc2 Ke7 27.
Rc3 Rd7 28. c5 Nd5 29. Rcd3 Rhd8 1/2-1/2

[Event "NAYCC U14 w"]
[Site "Kingston CAN"]
[Date "2019.08.18"]
[Round "6.150"]
[White "Shen, Isamel"]
[Black "Irfan, Zakia"]
[Result "1-0"]
[WhiteElo "1542"]
[BlackElo "974"]
[PlyCount "71"]
[EventDate "2019.08.16"]
[EventType "swiss"]
[EventRounds "9"]
[EventCountry "CAN"]

1. e4 e5 2. Nf3 Nf6 3. Nc3 Nc6 4. Bc4 Nxe4 5. Nxe4 d5 6. Bb5 dxe4 7. Nxe5 Qd5
8. Nxc6 Qxb5 9. Nd4 Qb6 10. Ne2 Bg4 11. O-O Bd6 12. Qe1 O-O 13. b3 f5 14. Kh1
Rae8 15. Bb2 Be5 16. Bxe5 Rxe5 17. Nc3 Qd6 18. Qc1 Rf6 19. Re1 Rh6 20. Re3 Rd5
21. Rg3 Rxd2 22. Kg1 Qd4 23. Qf1 Rxc2 24. Qc4+ Qxc4 25. bxc4 Rc6 26. h3 Bh5 27.
Nd5 R6xc4 28. Nf6+ Kh8 29. Nxh5 g6 30. Nf4 Ra4 31. a3 b5 32. Rd1 c5 33. Ne6 Kg8
34. Rd5 c4 35. Rxf5 c3 36. Rf8# 1-0

[Event "NAYCC U14 w"]
[Site "Kingston CAN"]
[Date "2019.08.18"]
[Round "6.151"]
[White "Xie, Joanna"]
[Black "Changkachith, Alyssa"]
[Result "1-0"]
[WhiteElo "1487"]
[BlackElo "1518"]
[PlyCount "113"]
[EventDate "2019.08.16"]
[EventType "swiss"]
[EventRounds "9"]
[EventCountry "CAN"]

1. e4 d6 2. d4 Nf6 3. Nd2 g6 4. Bd3 Bg7 5. c3 O-O 6. Ne2 e5 7. O-O Re8 8. Qc2
Nc6 9. h3 Nd7 10. Nf3 Rf8 11. Be3 h6 12. Qd2 Kh7 13. Nh2 f5 14. exf5 gxf5 15.
Ng3 e4 16. Bc2 d5 17. f3 Qh4 18. Bf4 Nb6 19. fxe4 fxe4 20. Qf2 Qe7 21. Nh5 Be6
22. Nxg7 Qxg7 23. Kh1 Rf6 24. Qh4 Rg8 25. Rf2 Rg6 26. Rg1 Nd7 27. Bxc7 Nf6 28.
Bf4 Nd7 29. Bd1 Nf6 30. b4 e3 31. Re2 Ne4 32. Bc2 Bf5 33. Bxe4 Bxe4 34. Ng4 Qf8
35. Bxe3 Bf5 36. Rf2 Ne7 37. Ne5 Rg3 38. Bxh6 Qxh6 39. Qxe7+ R8g7 40. Qf8 Rxh3+
41. gxh3 Qxh3+ 42. Rh2 Be4+ 43. Nf3 Qxh2+ 44. Kxh2 Rxg1 45. Kxg1 Kg6 46. Ne5+
Kg5 47. c4 b6 48. cxd5 Bxd5 49. Qd8+ Kf4 50. Qxd5 Kg5 51. Qf3 Kh6 52. d5 Kg7
53. d6 Kh6 54. d7 Kg7 55. d8=Q Kh6 56. Qdf8+ Kh7 57. Qh5# 1-0

[Event "NAYCC U14 w"]
[Site "Kingston CAN"]
[Date "2019.08.18"]
[Round "6.152"]
[White "D'Souza, Carina"]
[Black "Lucero, Amalie"]
[Result "1-0"]
[WhiteElo "1273"]
[BlackElo "1051"]
[PlyCount "121"]
[EventDate "2019.08.16"]
[EventType "swiss"]
[EventRounds "9"]
[EventCountry "CAN"]

1. e4 e5 2. Nf3 Nc6 3. Bc4 Nf6 4. Ng5 d5 5. exd5 Na5 6. Bb5+ c6 7. dxc6 bxc6 8.
Qf3 Bb7 9. Be2 c5 10. Qg3 Nc6 11. Bc4 Nd5 12. Nc3 Nce7 13. Nxd5 Bxd5 14. Bb5+
Bc6 15. Bxc6+ Nxc6 16. c3 Bd6 17. Ne4 O-O 18. O-O Re8 19. d3 Kf8 20. Qf3 Rc8
21. Ng5 f6 22. Qf5 g6 23. Qf3 Kg7 24. Ne4 Rf8 25. Qh3 Kg8 26. Qe6+ Kg7 27. Qxd6
Qxd6 28. Nxd6 Rcd8 29. Nb7 Rxd3 30. Nxc5 Rd5 31. Ne6+ Kf7 32. Nxf8 Kxf8 33. Be3
g5 34. Rad1 Rb5 35. Rd6 Ne7 36. Rxf6+ Kg7 37. Ra6 Nc8 38. Bxg5 Rxb2 39. Bf6+
Kf7 40. Bxe5 h5 41. c4 Rc2 42. Rc6 Ne7 43. Rc7 Ke6 44. Rxa7 Nc6 45. Ra6 Kxe5
46. Rxc6 Rxa2 47. Rc5+ Kd4 48. Rxh5 Kxc4 49. f4 Kd3 50. f5 Ra5 51. Rh3+ Ke4 52.
f6 Ra8 53. f7 Kd5 54. f8=Q Rxf8 55. Rxf8 Ke6 56. Rh5 Ke7 57. Ra8 Kf6 58. Ra6+
Kf7 59. Rh7+ Kg8 60. Rb7 Kh8 61. Ra8# 1-0

[Event "NAYCC U14 w"]
[Site "Kingston CAN"]
[Date "2019.08.18"]
[Round "6.153"]
[White "Irfan, Sabia"]
[Black "Wang, Sophia"]
[Result "0-1"]
[WhiteElo "874"]
[BlackElo "1151"]
[PlyCount "112"]
[EventDate "2019.08.16"]
[EventType "swiss"]
[EventRounds "9"]
[EventCountry "CAN"]

1. d4 e6 2. Bf4 d5 3. Nf3 Nf6 4. Nc3 Be7 5. e3 O-O 6. Bd3 Nbd7 7. O-O b6 8. Ne5
Bb7 9. Ng4 c5 10. dxc5 bxc5 11. b3 Qc8 12. Bb5 Bc6 13. Nxf6+ Nxf6 14. a4 Rd8
15. Ne2 Ne4 16. Qc1 Bxb5 17. axb5 Bd6 18. Rd1 Bxf4 19. exf4 Qb7 20. c4 d4 21.
f3 Nf6 22. Qd2 h6 23. Nc1 Rdc8 24. Nd3 a6 25. Ra5 Qb6 26. Rda1 Qb7 27. Qb2 axb5
28. Rxb5 Rxa1+ 29. Qxa1 Ra8 30. Rxb7 Rxa1+ 31. Kf2 g6 32. Nxc5 Ra2+ 33. Kg3
Nh5+ 34. Kh3 Nxf4+ 35. Kg4 Nxg2 36. Ne4 f5+ 37. Kg3 fxe4 38. fxe4 d3 39. Rb8+
Kf7 40. Rb7+ Ke8 41. Rb6 d2 42. Rd6 Ne3 43. Rxe6+ Kf7 44. Rd6 d1=Q 45. Rxd1
Nxd1 46. c5 Rb2 47. c6 Rxb3+ 48. Kf4 Rc3 49. e5 Rxc6 50. Ke4 Nc3+ 51. Kd4 Ke6
52. Kd3 Kxe5 53. Ke3 Nd1+ 54. Ke2 Ke4 55. Kxd1 Ke3 56. Ke1 Rc1# 0-1

[Event "NAYCC U14 w"]
[Site "Kingston CAN"]
[Date "2019.08.19"]
[Round "7.143"]
[White "Cao, Joy"]
[Black "Iver, Mantra"]
[Result "1-0"]
[WhiteElo "1905"]
[BlackElo "1708"]
[PlyCount "103"]
[EventDate "2019.08.16"]
[EventType "swiss"]
[EventRounds "9"]
[EventCountry "CAN"]

1. e4 c6 2. d4 d5 3. Nc3 dxe4 4. Nxe4 Bf5 5. Ng3 Bg6 6. h4 h6 7. Nf3 Nd7 8. h5
Bh7 9. Bd3 Bxd3 10. Qxd3 e6 11. Bd2 Qc7 12. O-O-O Ngf6 13. Ne4 Nxe4 14. Qxe4
Nf6 15. Qe2 O-O-O 16. g3 Bd6 17. Kb1 Rhe8 18. c4 c5 19. Bc3 Qe7 20. Rh4 cxd4
21. Nxd4 Bc5 22. Ba5 Rxd4 23. Rhxd4 Bxd4 24. Rxd4 Qc5 25. Bc3 Qf5+ 26. Ka1 e5
27. Rh4 Re6 28. Qe3 Kb8 29. Rh1 Ne4 30. Bb4 Nxf2 31. Rf1 Ng4 32. Qxa7+ Kxa7 33.
Rxf5 Rf6 34. Rxf6 Nxf6 35. Bc3 Nxh5 36. Bxe5 Kb6 37. b4 Kc6 38. a4 f5 39. Kb2
g5 40. Kc3 Nxg3 41. Bxg3 h5 42. a5 h4 43. b5+ Kd7 44. Bf2 h3 45. Bg3 f4 46. Bh2
Kd6 47. Kd4 Kd7 48. c5 f3 49. Ke3 g4 50. a6 bxa6 51. c6+ Kc8 52. bxa6 1-0

[Event "NAYCC U14 w"]
[Site "Kingston CAN"]
[Date "2019.08.19"]
[Round "7.144"]
[White "Guo, Hazel"]
[Black "Ke, Rianne"]
[Result "1/2-1/2"]
[WhiteElo "1508"]
[BlackElo "2062"]
[PlyCount "62"]
[EventDate "2019.08.16"]
[EventType "swiss"]
[EventRounds "9"]
[EventCountry "CAN"]

1. e4 c5 2. Nf3 d6 3. d4 cxd4 4. Qxd4 Nc6 5. Bb5 Bd7 6. Bxc6 Bxc6 7. Nc3 Nf6 8.
Bg5 e6 9. O-O-O Be7 10. Rhe1 h6 11. Bxf6 gxf6 12. Kb1 Rg8 13. g3 f5 14. Nd2
fxe4 15. Ndxe4 d5 16. Nd2 b6 17. f4 Qc7 18. Nb3 O-O-O 19. Qf2 Kb8 20. Qe2 Bb4
21. Qe3 Rge8 22. Rf1 f6 23. Ne2 Bb5 24. Nbd4 Bxe2 25. Qxe2 e5 26. fxe5 fxe5 27.
Nf5 Qc6 28. c3 Bc5 29. Rfe1 Qg6 30. g4 h5 31. h3 Re6 1/2-1/2

[Event "NAYCC U14 w"]
[Site "Kingston CAN"]
[Date "2019.08.19"]
[Round "7.145"]
[White "Wisniowski, Natalie"]
[Black "Tsukerman, Julia"]
[Result "1-0"]
[WhiteElo "1901"]
[BlackElo "1830"]
[PlyCount "97"]
[EventDate "2019.08.16"]
[EventType "swiss"]
[EventRounds "9"]
[EventCountry "CAN"]

1. d4 Nf6 2. c4 e6 3. g3 d5 4. Nf3 c5 5. cxd5 Nxd5 6. Bg2 cxd4 7. Nxd4 Bc5 8.
O-O O-O 9. a3 a5 10. e4 Nf6 11. Nb3 Be7 12. Nc3 Nc6 13. Be3 Rb8 14. Qe2 a4 15.
Rfd1 Nd7 16. Nxa4 b5 17. Nac5 Qc7 18. Rac1 Nxc5 19. Nxc5 e5 20. Rc2 b4 21. a4
Rd8 22. Rdc1 Qa5 23. b3 Nd4 24. Bxd4 Rxd4 25. Rc4 Rxc4 26. Qxc4 Bxc5 27. Qxc5
Qxc5 28. Rxc5 Be6 29. Rb5 Rxb5 30. axb5 Kf8 31. b6 Bc8 32. Bf1 Ke7 33. Bc4 Kd6
34. Bd5 Ba6 35. f4 f6 36. Kf2 h6 37. Kf3 Bb5 38. Kg4 Be8 39. Kf5 h5 40. fxe5+
fxe5 41. b7 Bd7+ 42. Kg6 Kc7 43. Kxg7 Bb5 44. Kf6 Bd3 45. Kxe5 Be2 46. Kf6 Bf3
47. Kg5 Be2 48. e5 Ba6 49. e6 1-0